000 00687nam a22002417a 4500
001 BR9903044
003 BR-BrBNA
005 20230928100421.0
007 ta
008 230509b bl.||||| |||| 00| 0 por d
040 _aBR-BrBNA
_bpor
_cBiblioteca Nacional de Agricultura
041 _a(Por)
072 _aE40
090 _ E40 BR9903044
110 1 _aSindicato e Organizacao das Cooperativas do Estado de Mato Grosso, Cuiaba (Brasil)
_99534
245 1 _aManual interativo para a constituicao de cooperativas
260 3 _aCuiaba, MT (Brasil):
_c[nd].
300 _a97 p.
500 _a7 ref.
650 _aCooperativa
909 _a202309
_bLucia
_c55
_dLucia Elande
942 _cBK
999 _c61251
_d61251